La Toma de la palabra y otros escritos políticos / (Record no. 67594)

MARC details
000 -LEADER
fixed length control field 00865cab a2200241 a 4500
008 - FIXED-LENGTH DATA ELEMENTS--GENERAL INFORMATION
fixed length control field 041021s1995 mx 000 0 spa u
020 ## - INTERNATIONAL STANDARD BOOK NUMBER
International Standard Book Number 9688592099
050 00 - LIBRARY OF CONGRESS CALL NUMBER
Classification number HM271
Item number C47 1995
100 1# - MAIN ENTRY--PERSONAL NAME
Personal name Certeau, Michel de
245 13 - TITLE STATEMENT
Title La Toma de la palabra y otros escritos políticos /
Statement of responsibility, etc Michel de Certeau ; edición establecida y presentada por Luce Giard ; tr. de Alejandro Pescador.
250 ## - EDITION STATEMENT
Edition statement 1a ed.
260 ## - PUBLICATION, DISTRIBUTION, ETC. (IMPRINT)
Place of publication, distribution, etc México :
Name of publisher, distributor, etc Universidad Iberoamericana, Departamento de Historia :
-- ITESO,
Date of publication, distribution, etc 1995.
300 ## - PHYSICAL DESCRIPTION
Extent 235 p. ;
Dimensions 22 cm.
440 #0 - SERIES STATEMENT/ADDED ENTRY--TITLE
Title Historia y Grafía ;
Volume number/sequential designation 2
500 ## - GENERAL NOTE
General note Traducción de: La prise de parole et autres écrits politiques
650 #4 - SUBJECT ADDED ENTRY--TOPICAL TERM
Topical term or geographic name as entry element Libertad de expresión
650 #4 - SUBJECT ADDED ENTRY--TOPICAL TERM
Topical term or geographic name as entry element Autoridad
650 #4 - SUBJECT ADDED ENTRY--TOPICAL TERM
Topical term or geographic name as entry element Valores sociales
700 1# - ADDED ENTRY--PERSONAL NAME
Personal name Giard, Luce, ed.
700 1# - ADDED ENTRY--PERSONAL NAME
Personal name Pescador, Alejandro, tr.
942 ## - ADDED ENTRY ELEMENTS (KOHA)
Source of classification or shelving scheme Biblioteca del Cogreso de los Estados Unidos
Koha item type Libro
Holdings
Estado de pérdida Fuente de clasificación Estado del daño No para préstamo Ubicación permanente Ubicación actual Apartado o colección Fecha de adquisición Edición Dependencia de educación superior (DES) Área del conocimiento Clasificación Código de Barras Date last seen Número de copia Tipo de recurso Fuente de adquisición Total Checkouts Costo por reposición
  Biblioteca del Cogreso de los Estados Unidos     Biblioteca de la Facultad de Filosofía Biblioteca de la Facultad de Filosofía General 19/09/2023 1a ed. Humanidades Educación y Humanidades HM271 C47 1995 BFF000040295 19/09/2023 C:1 Libro Donación   1.00
  Biblioteca del Cogreso de los Estados Unidos     Biblioteca del Instituto de Investigaciones Históricas Biblioteca del Instituto de Investigaciones Históricas General 28/09/2018 1a ed. Humanidades Ciencias Sociales y Administrativas HM271 C47 1995 IIH000026109 28/09/2018 C:1 Libro